| 000 | 00723nam a2200253 a 4500 | ||
|---|---|---|---|
| 999 |
_c5172 _d5172 |
||
| 001 | 5172 | ||
| 003 | BD-JhCC | ||
| 005 | 20180417085409.0 | ||
| 008 | 171210s19682009bg a|||| || | 000 0 eng d | ||
| 035 | _a(BD-JhCC)5172 | ||
| 040 |
_aBD-JhCC _dBD-JhCC |
||
| 041 | _aeng | ||
| 082 |
_a516.5 _bRAH 2009 |
||
| 100 | _aRahman, A. F. M. Abdur | ||
| 245 |
_aA Text Book on Co-ordinate Geometry two and three dimensions with Victor Analysis / _cA. F. M. Abdur Rahman & P. K. Bhattacharjee |
||
| 260 |
_aDhaka : _bNew Book Palace, _c2009 |
||
| 300 |
_a167 p. : _c24 cm. |
||
| 650 | _aCo-ordinates | ||
| 650 | _aVictor analysis | ||
| 650 | _aCalculus | ||
| 700 | _aBhattacharjee, P. K. | ||
| 942 |
_2ddc _cBK |
||